00936 2200313 4500001002100000005001500021035002000036007000300056008004100059020002200100082001600122084001800138100002800156245006200184250003200246300003000278650002500308700003500333264004600368336002100414337003000435338002300465040002200488090002200510850001200532504003400544999002200578990002200600INLIS00000000086507420210930113623 a0010-0921000824ta210930s2021 yoi g ind d a978-602-6215-83-304223a370.114 a370.114 AHM p0 aAhmad AsroniePengarang1 aPendidikan pancasila /cAhmad Asroni, Alif Lukmanul Hakim aCetakan pertama, April 2021 axii, 128 halaman ;c23 cm 4aPendidikan Pancasila0 aAlif Lukmanul HakimePengarang31aYogyakarta :bUII Press Yogyakarta,c2021 2rdacontentateks 2rdamediaatanpa perantara 2rdacarrieravolume aYOPDYOGbinderda aCB-D.11 2021-1235 aYOPDYOG aBibliografi : halaman 125-126 aCB-D.11/2021-1235 aCB-D.11/2021-1235